Biblioteca y Centro de Documentación

Anticipación de la edad de jubilación (Registro nro. 48497)

Detalles MARC
000 -CABECERA
Longitud fija campo de control 00850naa a2200229 c 4500
001 - NÚMERO DE CONTROL
Número de control 48497
003 - IDENTIFICADOR DE NÚMERO DE CONTROL
Identificador del número de control ES-MaCES
005 - FECHA Y HORA DE LA ÚLTIMA TRANSACCIÓN
Fecha y hora de la última transacción 20161114102157.0
008 - CAMPO FIJO DE DESCRIPCIÓN FIJA--INFORMACIÓN GENERAL
Códigos de información de longitud fija   161114s2016 sp ||||| t||||||| ||spa d
040 ## - FUENTE DE CATALOGACIÓN
Centro catalogador de origen ES-MaCES
Lengua de catalogación spa
Centro transcriptor ES-MaCES
Centro modificado ES-MaCES
100 1# - ENCABEZAMIENTO PRINCIPAL--NOMBRE PERSONAL
9 (RLIN) 20298
Nombre de persona Palomino Saurina, Pilar
245 10 - MENCIÓN DE TÍTULO
Título Anticipación de la edad de jubilación
Mención de responsabilidad, etc. Pilar Palomino Saurina
500 ## - NOTA GENERAL
Nota general Resumen
650 #4 - ASIENTO SECUNDARIO DE MATERIA--TÉRMINO DE MATERIA
9 (RLIN) 29152
Término de materia o nombre geográfico como elemento inicial jubilación anticipada
650 #4 - ASIENTO SECUNDARIO DE MATERIA--TÉRMINO DE MATERIA
9 (RLIN) 30262
Término de materia o nombre geográfico como elemento inicial edad de jubilación
650 #4 - ASIENTO SECUNDARIO DE MATERIA--TÉRMINO DE MATERIA
9 (RLIN) 28317
Término de materia o nombre geográfico como elemento inicial edad mínima
650 #4 - ASIENTO SECUNDARIO DE MATERIA--TÉRMINO DE MATERIA
9 (RLIN) 29855
Término de materia o nombre geográfico como elemento inicial legislación de seguridad social
653 10 - TÉRMINO DE INDEXACIÓN--NO CONTROLADO
Término no controlado Seguridad Social
773 0# - ENTRADA DE DOCUMENTO FUENTE
Itemnumber del ítem fuente 85363
Lugar, editor y fecha de publicación Valladolid (Avda. Reyes Católicos, 11, 47008) Lex nova
Otro identificador del documento 088261
Título Información laboral
Número de control del registro relacionado (ES-MaCES)25782
Parte(s) relacionada(s) n. 8 (2016) {55/796 R. 088261} ;p. 115-126
902 ## - CES. TIPO DE DOCUMENTO
Tipodoc (006$c Sirtex) ART Artículo de revista
942 ## - ELEMENTOS KOHA
Fuente de clasificaión o esquema Clasificación propia del CES
Koha [por defecto] tipo de item Artículos (1982-2017)
Parte de clasificación Seguridad social

No hay ítems disponibles.

© CES, Consejo Económico y Social de España 2021